Heads of State of the People's Republic of China - Statistics

General Stats
  • This quiz has been taken 47 times
  • The average score is 5 of 11
Answer Stats
Picture Hint Answer % Correct
1954-1959 Mao Zedong
94%
2013- Xi Jinping
89%
2003-2013 Hu Jintao
60%
1993-2003 Jiang Zemin
49%
Acting (1968-1972 | 1976-1978) | Honorary 1981 Soong Chingling
43%
1959-1968 Liu Shaoqi
37%
1975-1976 Zhu De
34%
1978-1983 Ye Jianying
31%
Acting 1972-1975 Dong Biwu
29%
1983-1988 Li Xiannian
29%
1988-1993 Yang Shangkun
26%
No matching quizzes found
Score Distribution
Percent of People with Each Score
Percentile by Number Answered
Your Score History
You have not taken this quiz